Telefonická krizová intevence s ohledem na děti z rozpadajících se rodin : absolventská práce vypracovala Lenka Šlápotová ; vedoucí práce PhDr. Ing. Marie Lhotová
Record details
- Physical Description: 41 s. tab. a grafy na příl.
Content descriptions
| Bibliography, etc. Note: | bibliogr. s. 41 |
Available copies
- 2 of 2 copies available at Common Catalog SPOK.
Holds
- 0 current holds with 2 total copies.
Show Only Available Copies
| Location | Call Number / Copy Notes | Barcode | Shelving Location | Status | Due Date |
|---|---|---|---|---|---|
| Jabok Library | ABP-0201 | 424480003360 | Absolventské práce | Reference | - |
| Jabok Library | ABP-0202 | 424480003361 | Depozitář - Absolv. práce | Reference | - |
| LDR | 00832ntm a22 a 4500 | ||
|---|---|---|---|
| 001 | 13114 | ||
| 003 | CZ-PrJAB | ||
| 005 | 20020430000000.0 | ||
| 008 | 000217s2000 xr e |||| |cze | ||
| 009 | cz | ||
| 035 | . | ‡a(CONS)13114 | |
| 035 | . | ‡aKPS0006164 | |
| 040 | . | ‡a | |
| 041 | 0 | . | ‡acze |
| 100 | 1 | 1. | ‡74901 ‡aŠlápotová, Lenka |
| 110 | 2. | ‡aJABOK - Vyšší sociálně pedagogická a teologická škola | |
| 245 | 1 | . | ‡aTelefonická krizová intevence s ohledem na děti z rozpadajících se rodin : ‡babsolventská práce ‡cvypracovala Lenka Šlápotová ; vedoucí práce PhDr. Ing. Marie Lhotová |
| 260 | . | ‡aPraha ‡c2000 | |
| 300 | . | ‡a41 s. ‡btab. a grafy na příl. | |
| 504 | . | ‡abibliogr. s. 41 | |
| 653 | . | ‡atelefonická krizová intervence ‡akrizová intervence ‡aděti ‡arodina ‡akrize ‡aneúplná rodina ‡alinky důvěry | |
| 700 | 1 | 1. | ‡74189 ‡aLhotová, Marie ‡cPhDr. Ing. |
| 999 | . | ‡a201-d ‡c201-d ‡i424480003360 ‡l ‡tP | |
| 999 | . | ‡a202-d ‡c202-d ‡i424480003361 ‡l ‡tP | |
| 910 | . | ‡aABG312 | |
| 901 | . | ‡a13114 ‡bUnknown ‡c13114 ‡tbiblio | |